[Event "EU-ch U20 Girls"]
[Site "Zanka"]
[Date "1995.??.??"]
[Round "6"]
[White "Toth, Adrienn"]
[Black "Benderac, Ana"]
[Result "1/2-1/2"]
[WhiteElo "2065"]
[BlackElo "2110"]

1.e4 c5 2.Nf3 d6 3.d4 cxd4 4.Nxd4 Nf6 5.Nc3 a6 6.g3 e5 7.Nf3 h6 8.Bg2 Nbd7
9.O-O Nc5 10.Qe2 Bg4 11.h3 Be6 12.a4 Qc8 13.Kh2 Be7 14.Ne1 O-O 15.f4 Ncd7
16.f5 Bc4 17.Nd3 Nc5 18.Bd2 Re8 19.Rab1 d5 20.b3 Bxd3 21.cxd3 d4 22.Nd5 Nxd5
23.exd5 Qc7 24.Rfc1 Qd6 25.Bb4 Rac8 26.h4 Qf6 27.Be4 Qb6 28.Bxc5 Rxc5 29.Qb2 Rec8
30.Rc4 Qd6 31.Rbc1 b5 32.axb5 axb5 33.R4c2 Qa6 34.Kh3 R8c7 35.Qb1 Rc3 36.Qb2 Ba3
37.Qa2 Qd6 38.Rxc3 Rxc3 39.Ra1 b4 40.Rf1 Qc7 41.f6 Qd7+ 42.Bf5 Qxd5 43.fxg7 Qc6
44.Be4 Qc8+ 45.Bf5 Rc2 46.Qb1 Qc6 47.Be4  1/2-1/2

[Event "Aegina op"]
[Site "Aegina"]
[Date "1996.??.??"]
[Round "8"]
[White "Kofidis, Andreas"]
[Black "Istratescu, Andrei"]
[Result "1-0"]
[WhiteElo "2360"]
[BlackElo "2535"]

1.e4 c5 2.Nf3 d6 3.d4 cxd4 4.Nxd4 Nf6 5.Nc3 a6 6.g3 e5 7.Nde2 Be7 8.Bg2 O-O
9.O-O h6 10.h3 b5 11.Be3 Nbd7 12.g4 b4 13.Na4 Bb7 14.Ng3 Re8 15.c4 bxc3 16.Nxc3 Rc8
17.Rc1 Nc5 18.b4 Ne6 19.Qd2 Rc4 20.Nd5 Rxc1 21.Rxc1 Nxd5 22.exd5 Nf4 23.Bxf4 exf4
24.Nf5 Bg5 25.Bf3 Re5 26.Nd4 Qd7 27.Nc6 Re8 28.a4 h5 29.Re1 Rf8 30.b5 axb5
31.axb5 hxg4 32.hxg4 Ra8 33.Kg2 Re8 34.Rxe8+ Qxe8 35.Qa5 Bh4 36.Qb4 Bc8 37.Qe4 Qd7
38.Qxf4 Bd8 39.Qe3 Kf8 40.b6 Bb7 41.Kg3 Bc8 42.Be2 Bf6 43.Qe4 g6 44.Bb5 Kg7
45.Na7 Qd8 46.Nxc8 Qxc8 47.Qc4 Qxc4 48.Bxc4 Bd8 49.b7 Bc7 50.g5 Kf8 51.f4 Ke7
52.f5 gxf5 53.Kf4 Bb8 54.Kxf5 Ba7 55.Be2 Bb8 56.Bh5 Ba7 57.Ke4 Ke8 58.Kd3 Ke7
59.Kc4 Bb8 60.Kb5 Ba7 61.Kc6 Bb8 62.Bxf7  1-0

[Event "Aegina op"]
[Site "Aegina"]
[Date "1996.??.??"]
[Round "8"]
[White "Kofidis, Andreas"]
[Black "Istratescu, Andrei"]
[Result "1-0"]
[WhiteElo "2360"]
[BlackElo "2535"]

1.e4 c5 2.Nf3 d6 3.d4 cxd4 4.Nxd4 Nf6 5.Nc3 a6 6.g3 e5 7.Nde2 Be7 8.Bg2 O-O
9.O-O h6 10.h3 b5 11.Be3 Nbd7 12.g4 b4 13.Na4 Bb7 14.Ng3 Re8 15.c4 bxc3 16.Nxc3 Rc8
17.Rc1 Nc5 18.b4 Ne6 19.Qd2 Rc4 20.Nd5 Rxc1 21.Rxc1 Nxd5 22.exd5 Nf4 23.Bxf4 exf4
24.Nf5 Bg5 25.Bf3 Re5 26.Nd4 Qd7 27.Nc6 Re8 28.a4 h5 29.Re1 Rf8 30.b5 axb5
31.axb5 hxg4 32.hxg4 Ra8 33.Kg2 Re8 34.Rxe8+ Qxe8 35.Qa5 Bh4 36.Qa4 Bc8 37.Qe4 Qd7
38.Qxf4 Bd8 39.Qe3 Kf8 40.b6 Bb7 41.Kg3 Bc8 42.Be2 Bf6 43.Qe4 g6  1-0

[Event "AUT-chT2S 9697"]
[Site "Austria"]
[Date "1996.??.??"]
[Round "7"]
[White "Hoffmann, Erich"]
[Black "Fabiani, M."]
[Result "1/2-1/2"]
[WhiteElo "2090"]
[BlackElo "2060"]

1.e4 c5 2.Nf3 d6 3.d4 cxd4 4.Nxd4 Nf6 5.Nc3 a6 6.g3 b5 7.Bg2 Bb7 8.O-O e6
9.a3 Nbd7 10.Re1 Qc7 11.f4 Be7 12.e5 dxe5 13.fxe5 Ng8 14.Bxb7 Qxb7 15.Qf3 Qxf3
16.Nxf3 Bc5+ 17.Kg2 Ne7 18.Ne4 Ng6 19.Nxc5 Nxc5 20.Be3 Nd7 21.Bd4 Rc8 22.c3 Ne7
23.a4 Nc6 24.axb5 axb5 25.Re2 Ke7 26.Rf1 h6 27.g4 b4 28.h4 Nxd4 29.cxd4 Nb6
30.Rff2 Nd5 31.Kg3 Rc4 32.Re4 Rhc8 33.Nd2 Rc2 34.Nb3 Rxf2 35.Kxf2 Rc2+ 36.Re2 Rc4
37.Kf3 Nb6 38.Ke4 Na4 39.Rf2 Rc8 40.Kd3 f6 41.Rc2 Rxc2 42.Kxc2 g6 43.Nc5 Nb6
44.exf6+ Kxf6 45.Ne4+ Ke7 46.Kb3 Nd5 47.h5 g5 48.Ka4 e5 49.dxe5 Ke6 50.Nf6 Ne3
51.Kxb4 Kxe5 52.Ng8 Nxg4 53.Kc5 Ke6 54.b4 Ne5 55.Nxh6 g4 56.Nxg4 Nxg4 57.b5 Ne5
58.h6 Kf6 59.Kd5 Nd7 60.Kd6 Nb6  1/2-1/2

[Event "AUT-chT9596"]
[Site "?"]
[Date "1996.??.??"]
[Round "?"]
[White "Schumi, Manfred"]
[Black "Postl, Anton"]
[Result "0-1"]
[WhiteElo "2220"]
[BlackElo "2305"]

1.e4 c5 2.Nf3 d6 3.d4 cxd4 4.Nxd4 Nf6 5.Nc3 a6 6.g3 e6 7.Bg2 Be7 8.O-O O-O
9.f4 Nc6 10.Nb3 b5 11.Be3 Bb7 12.g4 b4 13.Na4 Nd7 14.Nd2 Na5 15.c3 bxc3 16.Nxc3 Nb6
17.Qe2 Rc8 18.Rac1 Nac4 19.Nxc4 Nxc4 20.Bf2 Qa5 21.Rfd1 e5 22.Bf1 Qb4 23.Qe1 Bd8
24.b3 Na3 25.fxe5 Bg5 26.Be3 Bxe3+ 27.Qxe3 dxe5 28.Be2 h6 29.Nd5 Qd6 30.Qb6 Qxb6+
31.Nxb6 Rxc1 32.Rxc1 Bxe4 33.Bxa6 Rd8 34.Re1 Rd4 35.Nc4 Nc2 36.Re2 f6 37.Bc8 Bd3
38.Rd2 Bxc4 39.Rxc2 Bd5 40.Kf2 Kf8 41.Bf5 g6 42.Bxg6 Rxg4 43.Rc5 Bxb3 44.axb3 Rxg6
45.b4 Rg4 46.b5 Rh4 47.Kg3 Rb4 48.Rc6 Kf7 49.Rb6 Kg6 50.Rb8 Kf5 51.b6 Rb3+
52.Kg2 Kf4 53.b7 Rb2+ 54.Kf1 f5 55.h4 e4  0-1

[Event "Bad Woerishofen op"]
[Site "Bad Woerishofen"]
[Date "1996.??.??"]
[Round "3"]
[White "Rotshtein, Efim"]
[Black "Wahls, Matthias"]
[Result "1/2-1/2"]
[WhiteElo "2310"]
[BlackElo "2555"]

1.e4 c5 2.Nf3 d6 3.d4 cxd4 4.Nxd4 Nf6 5.Nc3 a6 6.g3 e5 7.Nde2 Nbd7 8.Bg2 Be7
9.a4 b6 10.h3 Bb7 11.g4 O-O 12.Ng3 Nc5 13.O-O Ne8 14.Nd5 Bxd5 15.exd5 Bg5
16.b4 Nd7 17.a5 b5 18.c4 bxc4 19.Qe2 c3 20.Ra3 Nc7 21.Rxc3 Nb5 22.Rc4 g6
23.Qd3 Kh8 24.Bb2 Kg8 25.Rc6 Qe7 26.Re1 Bh6 27.Re2 Nb8 28.Rc4 Nd7 29.f4 Qh4
30.f5 Bf4 31.Ne4 gxf5 32.gxf5 Rac8 33.Rc6 Nb8 34.Rxd6 Nxd6 35.Nxd6 Rc7 36.Ne4 Rb7
37.Bc3 Rc8 38.Nc5 Ra7 39.d6 Nd7 40.Be1 Qg5 41.Bf2 Nf6 42.Rc2 Raa8 43.Kf1 e4
44.Nxe4 Nxe4 45.Bxe4 Rxc2 46.Qxc2 Rd8 47.b5 Be3 48.bxa6 Qf4 49.Bb7 h5 50.Qe2 Bd4
51.Kg2 Qg5+ 52.Kh1 Qxf5 53.Qe4 Qc5 54.d7 Bf6 55.Qd5 Qxd5+ 56.Bxd5 Rxd7  1/2-1/2

[Event "Berliner Sommer"]
[Site "Berlin"]
[Date "1996.??.??"]
[Round "2"]
[White "Holzke, Frank"]
[Black "Lipinsky, Markus"]
[Result "1-0"]
[WhiteElo "2375"]
[BlackElo "2165"]

1.e4 c5 2.Nf3 d6 3.d4 cxd4 4.Nxd4 Nf6 5.Nc3 a6 6.g3 e5 7.Nb3 Be7 8.Bg2 O-O
9.a4 Nc6 10.h3 Nb4 11.a5 d5 12.O-O d4 13.Na4 Be6 14.Nb6 Rb8 15.Bd2 Nd7 16.Nd5 Nxd5
17.exd5 Bf5 18.g4 Bg6 19.f4 exf4 20.Bxf4 Rc8 21.d6 Bg5 22.Nxd4 Bxf4 23.Rxf4 Qg5
24.Rf2 Qc5 25.Bxb7 Rb8 26.Nb3 Qe5 27.Bg2 Qxb2 28.Nd4 Ne5 29.Re2 Rfe8 30.Nf5 Bxf5
31.gxf5 Rbd8 32.Ra4 Nd7 33.Rxe8+ Rxe8 34.Rc4 Qb8 35.Qd4 Qd8 36.Rc7 Nf6 37.Qc4 Rf8  1-0

[Event "SLO-chT"]
[Site "Bled"]
[Date "1996.??.??"]
[Round "1"]
[White "Mihevc, Narcisa"]
[Black "Tompa, Neda"]
[Result "1-0"]
[WhiteElo "2235"]
[BlackElo "1610"]

1.e4 c5 2.Nf3 d6 3.d4 cxd4 4.Nxd4 Nf6 5.Nc3 a6 6.g3 e6 7.Bg2 Be7 8.O-O O-O
9.a4 Qc7 10.h3 Re8 11.g4 Nc6 12.Nb3 b6 13.Be3 Bb7 14.g5 Nd7 15.f4 Rac8 16.Rf2 Nc5
17.Nxc5 bxc5 18.Qg4 g6 19.h4 Nb4 20.h5 d5 21.hxg6 hxg6 22.f5 exf5 23.exf5 Qd6
24.f6 Bf8 25.Bf4 Qe6 26.Qh4 Rcd8 27.Bf3 Bd6 28.Rh2  1-0

[Event "SLO-chT"]
[Site "Bled"]
[Date "1996.??.??"]
[Round "7"]
[White "Mohr, Georg"]
[Black "Bukic, Enver"]
[Result "1-0"]
[WhiteElo "2510"]
[BlackElo "2435"]

1.e4 c5 2.Nf3 d6 3.d4 cxd4 4.Nxd4 Nf6 5.Nc3 a6 6.g3 Bg4 7.f3 Bd7 8.Be3 Nc6
9.g4 h6 10.Qd2 Nxd4 11.Bxd4 Bc6 12.O-O-O e6 13.h4 d5 14.Bh3 dxe4 15.g5 Nd7
16.g6 Qe7 17.gxf7+ Qxf7 18.fxe4 O-O-O 19.Rhf1 Qe7 20.Qf4 g5 21.Qf7 Rh7 22.Qxe6 Qxe6
23.Bxe6 Re7 24.Bf5 Kc7 25.hxg5 hxg5 26.Be3 Rg7 27.Nd5+ Bxd5 28.Rxd5 Bd6 29.Rfd1 Nb8
30.Rg1 Nc6 31.Rxg5 Rxg5 32.Bxg5 Rg8 33.Be3 Nb4 34.Rd1 Nxa2+ 35.Kb1 Nb4 36.Rh1 Be5
37.Rh7+ Rg7 38.Bf4  1-0

[Event "GER-chT Federal Cup (Women)"]
[Site "Braunfels"]
[Date "1996.??.??"]
[Round "?"]
[White "Schaefer, Anke"]
[Black "Meissner, Claudia"]
[Result "1/2-1/2"]
[WhiteElo "2155"]
[BlackElo "2105"]

1.e4 c5 2.Nf3 d6 3.d4 cxd4 4.Nxd4 Nf6 5.Nc3 a6 6.g3 e5 7.Nde2 Be7 8.Bg2 Be6
9.h3 Nbd7 10.g4 Rc8 11.Ng3 Nb6 12.Nf5 Bf8 13.Bg5 Nc4 14.Qf3 h6 15.Bxf6 Qxf6
16.b3 Na3 17.Rc1 h5 18.O-O hxg4 19.hxg4 Qg5 20.Nd5 Bxd5 21.exd5 g6 22.Ne3 Rc3
23.Qe4 Nb5 24.Rfd1 Be7 25.Rd3 O-O 26.Rxc3 Nxc3 27.Qc4 Nb5 28.a4 Nd4 29.a5 Qf4
30.c3 Nf3+ 31.Bxf3 Qxf3 32.Re1 Kg7 33.Qe2 Qh3 34.Qf1 Qh4 35.Qg2 Rc8 36.Nc4 Rf8
37.Re3 Rh8 38.Re4 Qg5 39.Ne3 Rh4 40.Rb4 Qh6 41.Rxb7 Bg5 42.Nc4 Bf4 43.Kf1 Rh2
44.Qf3 Rh3 45.Qg2 Rh2 46.Qf3 Rh3 47.Qg2 Rh2  1/2-1/2

[Event "JUG-chT"]
[Site "Budva"]
[Date "1996.??.??"]
[Round "3"]
[White "Marinkovic, Ivan"]
[Black "Popovic, Petar"]
[Result "1-0"]
[WhiteElo "2490"]
[BlackElo "2570"]

1.e4 c5 2.Nf3 d6 3.d4 cxd4 4.Nxd4 Nf6 5.Nc3 a6 6.g3 e5 7.Nb3 Bg4 8.Qd3 Be7
9.Bg2 O-O 10.a4 Nbd7 11.O-O Qc7 12.a5 Rfc8 13.Be3 Be6 14.Rfc1 Ng4 15.Bd2 b5
16.axb6 Qxb6 17.Qe2 Bxb3 18.cxb3 Ngf6 19.b4 h6 20.h4 Bd8 21.Nd5 Rxc1+ 22.Rxc1 Nxd5
23.exd5 Qd4 24.Rc6 Qxb2 25.Rxd6 Nf6 26.Qe1 e4 27.Bc3 Qb3 28.Bxf6 Bxf6 29.Qxe4 Qd1+
30.Bf1 Qa4 31.Kg2 a5 32.Bd3 axb4 33.Rxf6 gxf6 34.d6 f5 35.Qxf5 Kf8 36.Qe5 Kg8
37.Qe4 Kf8 38.Qe7+ Kg7  1-0

[Event "JUG-chT"]
[Site "Budva"]
[Date "1996.??.??"]
[Round "5"]
[White "Marinkovic, Ivan"]
[Black "Ilincic, Zlatko"]
[Result "1/2-1/2"]
[WhiteElo "2490"]
[BlackElo "2555"]

1.e4 c5 2.Nf3 d6 3.d4 cxd4 4.Nxd4 Nf6 5.Nc3 a6 6.g3 e6 7.Bg2 Be7 8.O-O O-O
9.b3 Qc7 10.Bb2 Bd7 11.Re1 Nc6 12.Qd2 Rac8 13.a4 Rfd8 14.Rac1 Nxd4 15.Qxd4 Ne8
16.Qd2 Bf6 17.Nd1 Bxb2 18.Nxb2 Qc3 19.Qxc3 Rxc3 20.Nd1 Rc7 21.Ne3 Kf8 22.Rcd1 Bc6
23.Rd3 Rcd7 24.Red1 Nf6 25.f3 Ke7 26.Kf2 g5 27.Rd4 b5 28.axb5 axb5 29.Bf1 Ra8
30.Rb4 Ra5 31.Rd2 h6 32.Rbd4 Ra2 33.Bg2 Ne8 34.f4 gxf4 35.gxf4 Rc7 36.Bf3 Bd7
37.R4d3 Bc8 38.h4 Rc5 39.Rd4 Rc7 40.Rb4 Rc5 41.Rbd4 Bb7 42.Rb4 Ba8 43.Rbd4 Nf6
44.Kg3 Rc3 45.Kf2 Rc5 46.Kg3 h5 47.R2d3 Rc8 48.e5 Rg8+ 49.Kf2 dxe5 50.fxe5 Nd5
51.Bxh5 Bc6 52.Bd1 Nxe3 53.Kxe3 Rg3+ 54.Kd2 Rg2+ 55.Kc3 Rg1 56.Re3 Ra1 57.Be2 Rae1
58.Kd2 Ra1 59.Rd6 Be8 60.Rc3 Ra7 61.Rd4 Rh1 62.Bf3 Rh2+ 63.Ke3 f6 64.exf6+ Kxf6
65.Rf4+ Ke7 66.Rc5 Ra1 67.h5 Re1+ 68.Kd3 Rf1 69.Rg5 Rh3 70.Ke2 Rfxf3 71.Rxf3 Bxh5
72.Rxh5 Rxh5 73.Kd3 Kd6  1/2-1/2

[Event "ARG-ch qf"]
[Site "Buenos Aires"]
[Date "1996.??.??"]
[Round "6"]
[White "Felgaer, Ruben"]
[Black "Quiroga, Facundo"]
[Result "0-1"]
[WhiteElo "2250"]
[BlackElo "2305"]

1.e4 c5 2.Nf3 d6 3.d4 cxd4 4.Nxd4 Nf6 5.Nc3 a6 6.g3 e6 7.Bg2 Qc7 8.O-O Bd7
9.Re1 Be7 10.a4 Nc6 11.Nb3 O-O 12.f4 Rac8 13.Be3 Nb4 14.a5 Bc6 15.Bd2 d5
16.Bh3 Bd8 17.g4 Qd6 18.Kh1 Qe5 19.Na4 Be8 20.Bg2 Qd4 21.Be3 Nc6 22.Ra3 h6  0-1

[Event "Calcutta op"]
[Site "Calcutta"]
[Date "1996.??.??"]
[Round "7"]
[White "Al Modiahki, Mohamad"]
[Black "Saravanan, V."]
[Result "1-0"]
[WhiteElo "2425"]
[BlackElo "2375"]

1.e4 c5 2.Nf3 d6 3.d4 cxd4 4.Nxd4 Nf6 5.Nc3 a6 6.g3 e5 7.Nde2 Nbd7 8.Bg2 b5
9.h3 Bb7 10.g4 Be7 11.Ng3 b4 12.Nd5 Nxd5 13.exd5 g6 14.Bh6 Nb6 15.O-O Bg5
16.Bxg5 Qxg5 17.f4 exf4 18.Qd4 O-O-O 19.Ne4 Qe7 20.Qxb6 f5 21.Nd2 fxg4 22.Rxf4 gxh3
23.Qa7  1-0

[Event "Cannes Martinez op"]
[Site "Cannes"]
[Date "1996.??.??"]
[Round "1"]
[White "Fontaine, Robert"]
[Black "Birens, Eric Andre"]
[Result "1-0"]
[WhiteElo "2360"]
[BlackElo "2135"]

1.e4 c5 2.Nf3 d6 3.d4 cxd4 4.Nxd4 Nf6 5.Nc3 a6 6.g3 e5 7.Nde2 Be7 8.Bg2 Be6
9.O-O b5 10.h3 b4 11.Nd5 Bxd5 12.exd5 Nbd7 13.a3 bxa3 14.Rxa3 O-O 15.Be3 Qc7
16.b3 a5 17.Qd2 Rfc8 18.c4 Qb7 19.Nc3 Ne8 20.Rfa1 Nc5 21.Bxc5 Rxc5 22.Ne4 Rcc8
23.c5 f5 24.c6 Qb6 25.Nc3 Bf6 26.Na4 Qc7 27.Nb2 e4 28.R1a2 Bxb2 29.Rxb2 Nf6
30.Rba2 Rcb8 31.b4 Re8 32.Rxa5 Rxa5 33.Rxa5 Qb6 34.Kh2 e3 35.fxe3 Qd8 36.Qd4 Nh5
37.Qh4 Nf6 38.Qf4 g6 39.Ra7 h5 40.Qh6  1-0

[Event "Cappelle op"]
[Site "Cappelle la Grande "]
[Date "1996.??.??"]
[Round "1"]
[White "Ostojic, Predrag"]
[Black "Istratescu, Andrei"]
[Result "1/2-1/2"]
[WhiteElo "2320"]
[BlackElo "2500"]

1.e4 c5 2.Nf3 d6 3.d4 cxd4 4.Nxd4 Nf6 5.Nc3 a6 6.g3 e5 7.Nde2 Be7 8.Bg2 O-O
9.O-O h6 10.h3 b5 11.Nd5 Nxd5 12.exd5 Nd7 13.c3 Rb8 14.Be3 Bg5 15.f4 Bf6
16.Kh1 b4 17.c4 Re8 18.Qd2 exf4 19.Bxf4 Ne5 20.Rac1 Ng6 21.Nd4 Nxf4 22.Nc6 Ne2
23.Nxd8 Nxg3+ 24.Kg1 Ne2+ 25.Kh2 Be5+ 26.Kh1 Ng3+ 27.Kg1 Nxf1 28.Rxf1 Rxd8
29.Qf2 Rb7 30.b3 Re8 31.Kh1 g6 32.Re1 Ree7 33.c5 Bd4 34.Qh4 g5 35.cxd6 gxh4
36.dxe7 Bd7 37.e8=Q+ Bxe8 38.Rxe8+ Kg7 39.Re4 Bf6 40.Rg4+ Kf8 41.Rc4 Be5
42.Rc6 Rc7 43.Bf1 Rxc6 44.dxc6 a5 45.Kg2 Ke7 46.Kf3 Kd6 47.Ke4 Bg3 48.Bb5 Kc5
49.Ba4 Kb6 50.Kf5 f6 51.Kxf6 h5 52.Kg5 Be1 53.Kxh5 Bg3 54.Kg4 Be1 55.Kf4 Bg3+
56.Ke4 Bb8 57.Kd5 Bh2 58.Ke6 Bb8 59.Kd7 Bh2  1/2-1/2

[Event "CZE-chT2a 9596"]
[Site "CZE"]
[Date "1996.??.??"]
[Round "?"]
[White "Kacirek, Petr"]
[Black "Bores, Roman"]
[Result "1/2-1/2"]
[WhiteElo "2250"]
[BlackElo "2295"]

1.e4 c5 2.Nf3 d6 3.d4 cxd4 4.Nxd4 Nf6 5.Nc3 a6 6.g3 e5 7.Nde2 Be7 8.Bg2 Nbd7
9.a4 b6 10.h3 h5 11.Nd5 Nxd5 12.exd5 Bg5 13.O-O Bxc1 14.Qxc1 Qf6 15.Ra3 Qh6
16.f4 h4 17.Qe1 O-O 18.Rc3 a5 19.Rc7 Nc5 20.fxe5 dxe5 21.Nc3 Ba6 22.Rf5 f6
23.d6 Rad8 24.Bd5+ Kh8 25.g4 g5 26.Rc6 Qg7 27.Qe3 Bc8 28.Rf1 f5 29.Rxb6 Nd7
30.Rc6 fxg4  1/2-1/2

[Event "BL2-W9596"]
[Site "Germany"]
[Date "1996.??.??"]
[Round "?"]
[White "Kupreichik, Viktor D"]
[Black "Kalka, Arkadius Georg"]
[Result "1-0"]
[WhiteElo "2485"]
[BlackElo "2330"]

1.e4 c5 2.Nf3 d6 3.d4 cxd4 4.Nxd4 Nf6 5.Nc3 a6 6.g3 e6 7.Bg2 Nc6 8.O-O Bd7
9.a4 Be7 10.Nb3 Qc7 11.a5 Ne5 12.f4 Nc4 13.Qe2 O-O 14.g4 d5 15.exd5 Rfe8
16.dxe6 Bxe6 17.g5 Ng4 18.Qf3 Bf5 19.Nd5 Bc5+ 20.Kh1 Qd6 21.Nxc5 Qxc5 22.b3 Nce3
23.Bxe3 Nxe3 24.Nxe3 Rxe3 25.Qxb7 Rae8 26.Qxa6 Be4 27.Bxe4 R3xe4 28.Qb6 Qxc2
29.Rf2 Re1+ 30.Rxe1 Rxe1+ 31.Kg2 Qe4+ 32.Rf3 Qc2+ 33.Kg3 g6 34.a6 Qd1 35.Qf2 Re2
36.Qf1 Re1 37.Qd3 Qxd3 38.Rxd3 Ra1 39.Rd6 Ra3 40.Rb6 Kf8 41.Kg4 Ke7 42.b4  1-0

[Event "BL9596 (Women)"]
[Site "Germany"]
[Date "1996.??.??"]
[Round "?"]
[White "Schaefer, Anke"]
[Black "Daemering, Katrin"]
[Result "1/2-1/2"]
[WhiteElo "2155"]
[BlackElo "2185"]

1.e4 c5 2.Nf3 d6 3.d4 cxd4 4.Nxd4 Nf6 5.Nc3 a6 6.g3 e6 7.Bg2 Qc7 8.O-O Be7
9.a4 Bd7 10.f4 Nc6 11.Nb3 Rd8 12.Be3 Na5 13.Nxa5 Qxa5 14.Qe2 O-O 15.g4 Bc6
16.g5 Nd7 17.Bd2 Qc7 18.a5 Rfe8 19.Qc4 Rc8 20.h3 b5 21.Qd3 b4 22.Ne2 Bb5
23.Qf3 Qxc2 24.Rfd1 d5 25.Nd4 dxe4 26.Qxe4 Bc5 27.Be3 Bxd4 28.Rxd4 Qxb2 29.Rxb4 Qc2
30.Rd4 Qxe4 31.Bxe4 Nc5 32.Rb4 Nxe4 33.Rxe4 Rc3 34.Bb6 Bc6 35.Rd4 Bd5 36.Rad1 Rc2
37.R1d2 Rxd2 38.Rxd2 Rc8 39.f5  1/2-1/2

[Event "BL9596 (Women)"]
[Site "Germany"]
[Date "1996.??.??"]
[Round "?"]
[White "Schubert, Silke"]
[Black "Wolf, Sylvia"]
[Result "0-1"]
[WhiteElo "2095"]
[BlackElo "2055"]

1.e4 c5 2.Nf3 d6 3.d4 cxd4 4.Nxd4 Nf6 5.Nc3 a6 6.g3 e5 7.Nde2 b5 8.Bg2 Bb7
9.O-O Be7 10.h3 Nbd7 11.g4 b4 12.Nd5 Nxd5 13.exd5 Qc7 14.c3 bxc3 15.Nxc3 O-O
16.Be3 f5 17.gxf5 Rxf5 18.Qd3 Raf8 19.Ne4 Qa5 20.Ng3 R5f7 21.Be4 Nf6 22.Rfd1 Nxe4
23.Qxe4 Bc8 24.h4 Qd8 25.h5 Bg5 26.Rd2 Bxe3 27.Qxe3 Rf3 28.Qe1 Qg5 29.Rc2 Bh3
30.a4 Rxf2 31.Rc3 Rf1+ 32.Qxf1 Rxf1+ 33.Rxf1 Bxf1 34.Kxf1 Qf4+ 35.Ke2 Qxa4
36.Rc6 Qg4+ 37.Kf2 Qd4+ 38.Kf1 Qxd5 39.Rc8+ Kf7 40.Rc7+ Kf6 41.Rc3 Qd1+ 42.Kf2 Qd2+
43.Kf3 Qxb2 44.Ne4+ Ke6 45.Rc6 Qb3+ 46.Kf2 Qd5  0-1

[Event "BL9697 (Women)"]
[Site "Germany"]
[Date "1996.??.??"]
[Round "?"]
[White "Kierzek, Mira"]
[Black "Arnhold, Kerstin"]
[Result "1-0"]
[WhiteElo "2095"]
[BlackElo "2035"]

1.e4 c5 2.Nf3 d6 3.d4 cxd4 4.Nxd4 Nf6 5.Nc3 a6 6.g3 e5 7.Nb3 Be6 8.Bg2 Be7
9.O-O O-O 10.h3 Nbd7 11.Be3 Nb6 12.Nd2 Rc8 13.Kh2 Nc4 14.Nxc4 Rxc4 15.a4 Qa5
16.Qd2 Rfc8 17.Rfe1 Qb4 18.Ra3 R4c7 19.Rb1 Kf8 20.a5 Bd7 21.Bb6 Rxc3 22.Rxc3 Bc6
23.Qe1 Re8 24.Re3 Nd7  1-0

[Event "Landesliga Nord 9697 Bayern"]
[Site "Germany"]
[Date "1996.??.??"]
[Round "?"]
[White "Pesch, Werner"]
[Black "Fischer, Franz"]
[Result "1-0"]
[WhiteElo "2160"]
[BlackElo "2000"]

1.e4 c5 2.Nf3 d6 3.d4 cxd4 4.Nxd4 Nf6 5.Nc3 a6 6.g3 e6 7.Bg2 Be7 8.O-O O-O
9.h3 d5 10.exd5 Nxd5 11.Nxd5 exd5 12.c3 Nc6 13.Ne2 Be6 14.Nf4 Qd7 15.Nxd5 Bxh3
16.Nxe7+ Nxe7 17.Qxd7 Bxd7 18.Bxb7 Rab8 19.Bxa6 Bc6 20.Re1 Rfd8 21.Bf1 Nf5
22.Bg2 Bxg2 23.Kxg2 f6 24.a4 Kf7 25.a5 g5 26.a6 Rd3 27.Ra5 Nd6 28.a7 Ra8
29.Ra6  1-0

[Event "SLO-ch"]
[Site "Grize"]
[Date "1996.??.??"]
[Round "?"]
[White "Furlan, Miha"]
[Black "Podkriznik, Gregor"]
[Result "1/2-1/2"]
[WhiteElo "2320"]
[BlackElo "2220"]

1.e4 c5 2.Nf3 d6 3.d4 cxd4 4.Nxd4 Nf6 5.Nc3 a6 6.g3 e5 7.Nde2 Nbd7 8.Bg2 b5
9.h3 Bb7 10.g4 Nc5 11.Ng3 g6 12.a3 Rc8 13.f4 exf4 14.Bxf4 Ne6 15.Be3 Bg7
16.Qd2 Nd7 17.O-O Ne5 18.Qf2 O-O 19.Nge2 Nc4 20.Bc1 Qb6 21.b3 Qxf2+ 22.Rxf2 Nb6
23.Bd2 Nd4 24.Ra2 Rfe8 25.Be3 Nd7 26.Bxd4 Bxd4 27.Nxd4 Rxc3 28.Ra1 Rc7 29.Re1 Nc5
30.Rf6 Rd7 31.g5 d5 32.e5 Ne4 33.Bxe4 dxe4 34.e6 Rde7 35.exf7+ Rxf7 36.Rxf7 Kxf7
37.Rf1+ Ke7 38.Rf6 Rd8 39.c3 Rd6 40.Rf4 Rd8 41.Rh4 Rh8 42.Kf2 Kd6 43.Ke3 Ke5
44.Rf4 Rc8 45.Ne2 Rd8  1/2-1/2

[Event "Koop Tjuchem op"]
[Site "Groningen"]
[Date "1996.??.??"]
[Round "1"]
[White "Holzke, Frank"]
[Black "De Vilder, Hans"]
[Result "1-0"]
[WhiteElo "2375"]
[BlackElo "2140"]

1.e4 c5 2.Nf3 d6 3.d4 cxd4 4.Nxd4 Nf6 5.Nc3 a6 6.g3 e5 7.Nb3 Be6 8.Bg2 Be7
9.a4 Nc6 10.Nd5 Bxd5 11.exd5 Na5 12.Nd2 Qc7 13.b3 O-O 14.O-O b5 15.Ra2 Nb7
16.Qe2 Qb6 17.Rd1 Nc5 18.Ba3 bxa4 19.Nc4 Qc7 20.Bxc5 Qxc5 21.Rxa4 Qb5 22.Ra5 Qb4
23.Rda1 Rfc8 24.Rxa6 Rxa6 25.Rxa6 Bf8 26.h3 e4 27.Bxe4 Re8 28.f3 Nxd5 29.Bxh7+ Kxh7
30.Qxe8 Be7 31.Ra1 Qc3 32.Rf1 Qxc2 33.Qxf7 Qd3 34.Qe6 Bf6 35.Qe4+  1-0

[Event "ROM-chT"]
[Site "Herculane"]
[Date "1996.??.??"]
[Round "?"]
[White "Berescu, Alin"]
[Black "Tugui, Adrian"]
[Result "1/2-1/2"]
[WhiteElo "2335"]
[BlackElo "2345"]

1.e4 c5 2.Nf3 d6 3.d4 cxd4 4.Nxd4 Nf6 5.Nc3 a6 6.g3 e5 7.Nde2 b5 8.Bg2 Bb7
9.h3 Nbd7 10.g4 Nb6 11.g5 Nfd7 12.Ng3 g6 13.Nd5 Nxd5 14.exd5 Bg7 15.Be3 O-O
16.Ne4 Qe7 17.Qd2 f5 18.gxf6 Nxf6 19.Nxf6+  1/2-1/2

[Event "HUN-chT1 9697"]
[Site "Hungary"]
[Date "1996.??.??"]
[Round "2"]
[White "Kovac, Boris"]
[Black "Forgacs, Attila"]
[Result "1-0"]
[WhiteElo "2300"]
[BlackElo "2195"]

1.e4 c5 2.Nf3 d6 3.d4 cxd4 4.Nxd4 Nf6 5.Nc3 a6 6.g3 e5 7.Nde2 Be7 8.Bg2 O-O
9.O-O Qc7 10.Bg5 Nbd7 11.h3 h6 12.Be3 b5 13.a3 Nb6 14.b3 Be6 15.Qd3 Rac8
16.Rfc1 Nbd7 17.Nd5 Bxd5 18.exd5 Nc5 19.Qd1 Nfd7 20.g4 f5 21.gxf5 Rxf5 22.Ng3 Rg5
23.c4 Qd8 24.cxb5 axb5 25.b4 Rxg3 26.fxg3 Na4 27.Rxc8 Qxc8 28.Rc1 Qf8 29.Qg4 Nf6
30.Qe6+ Kh7 31.Rc7 Bd8 32.Rf7 Qg8 33.Rb7 Nc3 34.Kh2 Kg6 35.Qxd6 Nxd5 36.Bxd5  1-0

[Event "Imperia op"]
[Site "Imperia"]
[Date "1996.??.??"]
[Round "6"]
[White "Biolek, Richard"]
[Black "Ortega, Lexy"]
[Result "1/2-1/2"]
[WhiteElo "2495"]
[BlackElo "2395"]

1.e4 c5 2.Nf3 d6 3.d4 cxd4 4.Nxd4 Nf6 5.Nc3 a6 6.g3 e6 7.Bg2 Qc7 8.O-O Nc6
9.Re1 Rb8 10.b3 Be7 11.Bb2 O-O 12.h3 Rd8 13.Kh2 Bd7 14.f4 b5 15.a3 Be8 16.Nce2 Rbc8
17.Rc1 Qb8 18.Qd3 Ne5 19.Qd2 Ng6 20.Qe3 e5 21.Nf5 Bf8 22.Red1 Bc6 23.Nc3 Re8
24.fxe5 Nxe5 25.Qg5 Re6 26.Nd5 Nxd5 27.exd5 Rg6 28.Qh5 Bd7 29.Be4 Re8 30.Re1 h6
31.Nd4 Rf6 32.Rf1 g6 33.Qe2 Rxf1 34.Qxf1 Bg7 35.Bg2 Qb6 36.Rd1 Qc5 37.a4 h5
38.Kh1 Qb6 39.axb5 axb5 40.Kh2 Qc5 41.Qg1 b4 42.Ra1 Bh6 43.Qd1 Bg4 44.Qg1 Bd7
45.Qd1 Be3 46.Nf3 Nxf3+ 47.Qxf3 Bd4 48.Ra5 Bg1+ 49.Kh1 Qf2 50.Qd1 Re1 51.Ra8+ Be8
52.Bd4 Qxg3 53.Rxe8+ Rxe8 54.Bxg1 Re1 55.Qf3  1/2-1/2

[Event "Wch U20"]
[Site "Medellin"]
[Date "1996.??.??"]
[Round "2"]
[White "Hernandez, Alexander"]
[Black "Gyimesi, Zoltan"]
[Result "0-1"]
[WhiteElo "2265"]
[BlackElo "2480"]

1.e4 c5 2.Nf3 d6 3.d4 cxd4 4.Nxd4 Nf6 5.Nc3 a6 6.g3 e5 7.Nde2 Nbd7 8.a4 b6
9.Bg2 Bb7 10.O-O Be7 11.Nd5 Nxd5 12.exd5 O-O 13.f4 Qc7 14.Ra3 Rac8 15.Rc3 Qb8
16.f5 b5 17.axb5 axb5 18.g4 h6 19.Ng3 Rxc3 20.bxc3 Rc8 21.Ne4 Nf6 22.Nxf6+ Bxf6
23.Qd3 Rc4 24.Be4 Qc7 25.Rf3 Qc5+ 26.Be3 Qa3 27.Bf2 Qa1+ 28.Kg2 Qa8 29.h4 Rxe4
30.Qxe4 Bxd5 31.Qe3 Qc6 32.Be1 Qc4 33.Kg3 h5 34.g5 Qg4+ 35.Kf2 Bxf3 36.Qxf3 Qxh4+
37.Ke2 Qxg5 38.Qa8+ Kh7 39.Qf8 Qg4+ 40.Kf1 Qxf5+ 41.Kg1 Qg4+ 42.Kf1 Qf3+
43.Kg1 Bg5  0-1

[Event "Wch U20"]
[Site "Medellin"]
[Date "1996.??.??"]
[Round "13"]
[White "Escobar Forero, Alder"]
[Black "Kempinski, Robert"]
[Result "1-0"]
[WhiteElo "2335"]
[BlackElo "2510"]

1.e4 c5 2.Nf3 d6 3.d4 cxd4 4.Nxd4 Nf6 5.Nc3 a6 6.g3 b5 7.Bg2 Bb7 8.O-O e6
9.a3 Qc7 10.f4 Nbd7 11.Qe2 Be7 12.Kh1 Nb6 13.Be3 Nc4 14.Bg1 O-O 15.Nd1 d5
16.e5 Ne4 17.a4 bxa4 18.Rxa4 Rfc8 19.c3 a5 20.Re1 Ba6 21.Qg4 Nc5 22.Ra1 Rcb8
23.f5 Bc8 24.fxe6 fxe6 25.b3 Nxe5 26.Rxe5 Qxe5 27.Nc6 Qc7 28.Nxb8 Rxb8 29.b4 axb4
30.cxb4 Ne4 31.Ra7 Qd6 32.Bxe4 e5 33.Bxh7+ Kxh7 34.Qh5+ Kg8 35.Bc5 Qf6 36.Rxe7 Bf5
37.Re8+ Rxe8 38.Qxe8+ Kh7 39.Qh5+ Kg8 40.Kg1 d4 41.Qe8+ Kh7 42.Qe7 Qc6 43.Qxe5 Qf3
44.Nf2 d3 45.Bd4  1-0

[Event "Wch U18 Girls"]
[Site "Menorca"]
[Date "1996.??.??"]
[Round "2"]
[White "Esaibekian, Milena"]
[Black "Blazkova, Petra"]
[Result "0-1"]
[WhiteElo "2135"]
[BlackElo "2215"]

1.e4 c5 2.Nf3 d6 3.d4 cxd4 4.Nxd4 Nf6 5.Nc3 a6 6.g3 e5 7.Nb3 Be7 8.Bg2 O-O
9.O-O b5 10.Bg5 Nbd7 11.a4 b4 12.Nd5 Nxd5 13.Qxd5 Bxg5 14.Qxa8 Qc7 15.Qd5 Qxc2
16.Na5 Nc5 17.Qc4 Qxc4 18.Nxc4 Be6 19.Nxd6 g6 20.f4 Bf6 21.f5 Bb3 22.Rac1 Bg5
23.fxg6 hxg6 24.Rxc5 Be3+ 25.Kh1 Bxc5 26.Nb7 Bd4 27.Na5 Bxa4 28.b3 Bb5 29.Rc1 Rd8
30.Bf1 Bxf1 31.Rxf1 Kg7 32.Nc6 Rd6 33.Nxb4 Rb6 34.Nd5 Rxb3 35.Rf6 a5 36.Ra6 Ra3
37.Kg2 Ra2+ 38.Kf3 f5 39.exf5 gxf5  0-1